[Event "Aurora CC Deep Winter RR"]
[Site "Aurora CAN"]
[Date "2014.02.10"]
[Round "5"]
[White "Kang, Dorian"]
[Black "Pishdad, Hassan"]
[Result "1-0"]
[WhiteElo "1032"]
[BlackElo "1106"]
[PlyCount "49"]
[EventDate "2014.01.13"]
[EventType "tourn"]
[EventRounds "5"]
[EventCountry "CAN"]

1. d4 Nf6 2. c4 e6 3. Nc3 d5 4. cxd5 exd5 5. Bg5 Be7 6. Nf3 Be6 7. e3 c6 8. Bd3
Qb6 9. Qc2 Nbd7 10. O-O h6 11. Bh4 g5 12. Bg3 Nh5 13. Rab1 Nxg3 14. fxg3 g4 15.
Nh4 Bxh4 16. gxh4 O-O-O 17. Nb5 Rdf8 18. Nd6+ Kb8 19. Bf5 Qd8 20. b4 Nb6 21.
Bxe6 fxe6 22. Nf7 Qxh4 23. Nxh8 Rxh8 24. Qf2 Kc8 25. Qxh4 1-0

[Event "Aurora CC Deep Winter RR"]
[Site "Aurora CAN"]
[Date "2014.02.10"]
[Round "5"]
[White "Noritsyn, Sergey"]
[Black "Belrose, Todd"]
[Result "0-1"]
[WhiteElo "2165"]
[BlackElo "1473"]
[PlyCount "100"]
[EventDate "2014.01.13"]
[EventType "tourn"]
[EventRounds "5"]
[EventCountry "CAN"]

1. e4 c5 2. Nf3 Nc6 3. c3 e5 4. d4 cxd4 5. cxd4 Nf6 6. d5 Nb4 7. Nc3 Qa5 8. Bd2
d6 9. a3 Na6 10. b4 Qd8 11. Bb5+ Bd7 12. Bxa6 bxa6 13. Qe2 a5 14. b5 Be7 15.
O-O O-O 16. a4 Qb6 17. Be3 Qb7 18. Nd2 Rfc8 19. Rfc1 Ng4 20. Nb3 Nxe3 21. Qxe3
h6 22. Qd3 Qb6 23. Rc2 a6 24. h3 axb5 25. axb5 Bxb5 26. Nxb5 Rxc2 27. Qxc2 Qxb5
28. Qc6 Qb8 29. Nxa5 Bg5 30. Qc3 Qb5 31. Kh2 Qe2 32. Qf3 Bf4+ 33. Kg1 Rxa5 34.
Qc3 Rxa1+ 35. Qxa1 Qxe4 36. Qa8+ Kh7 37. g3 Bd2 38. Qc6 Bb4 39. Qb7 Kg6 40. h4
Bc5 41. h5+ Kxh5 42. Qxf7+ Qg6 43. Qf3+ Kg5 44. Kg2 Qf5 45. Qe2 Qxf2+ 46. Qxf2
Bxf2 47. Kxf2 Kg4 48. Kg2 g5 49. Kf2 Kh3 50. Kf3 g4+ 0-1

[Event "Aurora CC Mega 9 Round Swiss"]
[Site "Aurora CAN"]
[Date "2014.10.27"]
[Round "5"]
[White "Pishdad, Hassan"]
[Black "Bellomo, Joe"]
[Result "1-0"]
[WhiteElo "1189"]
[BlackElo "1559"]
[PlyCount "81"]
[EventDate "2014.09.04"]
[EventType "swiss"]
[EventRounds "9"]
[EventCountry "CAN"]

1. d4 Nf6 2. c4 e6 3. Nc3 b6 4. e4 Bb7 5. d5 exd5 6. exd5 Be7 7. Bd3 O-O 8.
Nge2 Na6 9. O-O Nc5 10. a3 Nxd3 11. Qxd3 a6 12. h3 Bd6 13. Bf4 Bxf4 14. Nxf4 d6
15. Rad1 Qd7 16. Rfe1 Rfe8 17. b3 Re5 18. Rxe5 dxe5 19. Nfe2 Re8 20. Ng3 g6 21.
Qf3 Kg7 22. Qe3 Ng8 23. Qd3 f5 24. f3 Nf6 25. d6 c6 26. Na4 Qd8 27. c5 bxc5 28.
Nxc5 Qb6 29. Rc1 Nd7 30. b4 Rd8 31. Kh2 Nxc5 32. bxc5 Bc8 33. Qc3 Qa7 34. Qxe5+
Kg8 35. Qf6 Qd7 36. Re1 Rf8 37. Qg5 Re8 38. Nh5 Kf7 39. Qf6+ Kg8 40. Rxe8+ Qxe8
41. Qg7# 1-0

[Event "Aurora CC Mega 9 Round Swiss"]
[Site "Aurora CAN"]
[Date "2014.11.17"]
[Round "7"]
[White "Ramsahai, Ram"]
[Black "Pishdad, Hassan"]
[Result "0-1"]
[WhiteElo "938"]
[BlackElo "1189"]
[PlyCount "64"]
[EventDate "2014.09.04"]
[EventType "swiss"]
[EventRounds "9"]
[EventCountry "CAN"]

1. e4 c5 2. Nc3 e6 3. Nf3 d5 4. e5 Nc6 5. Bb5 a6 6. Bxc6+ bxc6 7. d4 h6 8. Na4
Qa5+ 9. c3 cxd4 10. Nxd4 Bd7 11. O-O c5 12. b4 Qxa4 13. Qxa4 Bxa4 14. bxc5 Bxc5
15. Be3 Ba7 16. Rab1 Ne7 17. Rb4 Bb5 18. Nxb5 Bb8 19. Nd6+ Bxd6 20. exd6 Nc6
21. Rb6 Kd7 22. Rfb1 Kxd6 23. g3 f6 24. f4 Rhc8 25. Bc1 Rab8 26. f5 e5 27. Ba3+
Kc7 28. Rxb8 Nxb8 29. Kf2 Nd7 30. Ke3 Nb6 31. Kf2 Nc4 32. Bb2 Rb8 0-1

[Event "Aurora CC Mega 9 Round Swiss"]
[Site "Aurora CAN"]
[Date "2014.11.24"]
[Round "8"]
[White "Kaniak, Andrew"]
[Black "Pishdad, Hassan"]
[Result "0-1"]
[WhiteElo "1602"]
[BlackElo "1189"]
[PlyCount "31"]
[EventDate "2014.09.04"]
[EventType "swiss"]
[EventRounds "9"]
[EventCountry "CAN"]

1. d4 Nf6 2. Bg5 e6 3. Nc3 Be7 4. Qd3 d5 5. O-O-O O-O 6. f3 Nc6 7. a3 Nh5 8.
Bxe7 Qxe7 9. e4 Nf4 10. Qe3 e5 11. Nxd5 Nxd5 12. exd5 exd4 13. Qd2 Qe1 14. Rxe1
Re8 15. Kd1 Bg4 16. Be2 0-1

[Event "Aurora CC Mega 9 Round Swiss"]
[Site "Aurora CAN"]
[Date "2014.12.01"]
[Round "9"]
[White "Pishdad, Hassan"]
[Black "Prost, Bernie"]
[Result "0-1"]
[WhiteElo "1189"]
[BlackElo "1472"]
[PlyCount "86"]
[EventDate "2014.09.04"]
[EventType "swiss"]
[EventRounds "9"]
[EventCountry "CAN"]

1. d4 f5 2. c4 Nf6 3. Nc3 e6 4. e3 b6 5. Nf3 Bb4 6. a3 Bxc3+ 7. bxc3 O-O 8. Bb2
d6 9. Be2 a5 10. a4 Ne4 11. O-O Bb7 12. Qb3 Ng5 13. Qd1 Nd7 14. Bc1 e5 15. dxe5
dxe5 16. Bd2 Qe7 17. Ra2 Rad8 18. Nxg5 Qxg5 19. Bf3 e4 20. Be2 Nc5 21. f4 Qf6
22. Qe1 Nd3 23. Qg3 Ba6 24. Bxd3 Rxd3 25. c5 Rfd8 26. Qe1 R3d5 27. cxb6 Qxb6
28. Rf2 Qb3 29. Ra1 Qc2 30. Rc1 Qxa4 31. h3 Qd7 32. Rc2 Bc4 33. Qc1 a4 34. Kh2
Qd6 35. g4 a3 36. gxf5 Bb3 37. c4 Bxc4 38. Rxc4 Rxd2 39. Rc2 Rd1 40. Rc6 Rxc1
41. Rxd6 Rxd6 42. Ra2 Rd3 43. Re2 Rb3 0-1

[Event "Aurora Fall op"]
[Site "Aurora CAN"]
[Date "2014.10.04"]
[Round "1.1"]
[White "Sambuev, Bator"]
[Black "Noritsyn, Sergey"]
[Result "1-0"]
[WhiteElo "2562"]
[BlackElo "1837"]
[PlyCount "57"]
[EventDate "2014.10.04"]
[EventType "swiss"]
[EventRounds "5"]
[EventCountry "CAN"]

1. d4 d5 2. c4 dxc4 3. e3 e5 4. Bxc4 exd4 5. exd4 Bb4+ 6. Nc3 Nf6 7. Nf3 O-O 8.
O-O Bg4 9. Bg5 Be7 10. Re1 c6 11. h3 Bxf3 12. Qxf3 Nbd7 13. Bb3 Bb4 14. Re3 Qb6
15. Qg3 Rae8 16. Rf3 Qxd4 17. Rf4 Qd6 18. Rd1 Nh5 19. Qf3 Nxf4 20. Rxd6 Nxh3+
21. gxh3 Bxd6 22. Qd1 Be7 23. Qxd7 Bxg5 24. Bxf7+ Rxf7 25. Qxe8+ Rf8 26. Qe6+
Kh8 27. Ne4 Bf4 28. Qe7 Rb8 29. Nd6 1-0

[Event "Aurora Fall op"]
[Site "Aurora CAN"]
[Date "2014.10.04"]
[Round "1.6"]
[White "Zotkin, Daniel"]
[Black "Cormier, Adam"]
[Result "0-1"]
[WhiteElo "1767"]
[BlackElo "2019"]
[PlyCount "100"]
[EventDate "2014.10.04"]
[EventType "swiss"]
[EventRounds "5"]
[EventCountry "CAN"]

1. e4 c5 2. Nf3 d6 3. Bb5+ Nd7 4. O-O a6 5. Bxd7+ Bxd7 6. c3 Nf6 7. Re1 g6 8.
d4 cxd4 9. cxd4 Bg7 10. Nc3 O-O 11. e5 Ne8 12. Bg5 dxe5 13. dxe5 h6 14. Bh4 g5
15. Nxg5 hxg5 16. Bxg5 Nc7 17. Re3 Bf5 18. Qf3 Qd7 19. Bxe7 Qxe7 20. Qxf5 Rfe8
21. Rae1 Qe6 22. Qf4 Qh6 23. Qf5 Rad8 24. h3 Nd5 25. Rg3 Nxc3 26. bxc3 Re6 27.
Re4 Rg6 28. Rf4 Rf8 29. Rxg6 fxg6 30. Qe6+ Kh8 31. Rb4 b5 32. Rg4 g5 33. Qe7
Qb6 34. Qxg5 Qxf2+ 35. Kh2 Qf7 36. e6 Qf6 37. e7 Qe5+ 38. Qxe5 Bxe5+ 39. Kg1
Re8 40. Rg6 a5 41. Rc6 Rxe7 42. Kf2 Rc7 43. Rxc7 Bxc7 44. Ke3 Be5 45. Kd3 Kg7
46. c4 b4 47. c5 a4 48. c6 Kf7 49. g4 Ke7 50. Kc2 Bf6 0-1

[Event "Aurora Fall op"]
[Site "Aurora CAN"]
[Date "2014.10.04"]
[Round "1.9"]
[White "Morrell, Gord"]
[Black "Palanisamy, Selvakumar"]
[Result "0-1"]
[WhiteElo "2167"]
[BlackElo "2019"]
[PlyCount "40"]
[EventDate "2014.10.04"]
[EventType "swiss"]
[EventRounds "5"]
[EventCountry "CAN"]

1. c4 c6 2. Nf3 d5 3. e3 Nf6 4. b3 Bg4 5. Be2 e6 6. Bb2 Nbd7 7. a3 Bd6 8. d4
Ne4 9. Nbd2 f5 10. h3 Bxf3 11. Bxf3 O-O 12. Qe2 Ndf6 13. b4 Nxd2 14. Qxd2 Ne4
15. Qc2 a5 16. c5 Bb8 17. g3 axb4 18. axb4 Rxa1+ 19. Bxa1 Qf6 20. Ke2 Bxg3 0-1

[Event "Aurora Fall op"]
[Site "Aurora CAN"]
[Date "2014.10.04"]
[Round "2.3"]
[White "Cormier, Adam"]
[Black "Song, Michael"]
[Result "0-1"]
[WhiteElo "2019"]
[BlackElo "2271"]
[PlyCount "58"]
[EventDate "2014.10.04"]
[EventType "swiss"]
[EventRounds "5"]
[EventCountry "CAN"]

1. d4 e6 2. c4 f5 3. Nf3 Nf6 4. g3 Be7 5. Bg2 O-O 6. O-O d6 7. Nc3 Ne4 8. Qc2
Nxc3 9. Qxc3 Bf6 10. Rd1 Qe7 11. h4 h6 12. b4 e5 13. dxe5 dxe5 14. Bb2 Nc6 15.
Qb3 Be6 16. b5 Na5 17. Qa3 Qxa3 18. Bxa3 Rfd8 19. Nd2 e4 20. Rac1 Nxc4 21. Nxc4
Rxd1+ 22. Rxd1 Bxc4 23. Rd7 Bxb5 24. Rxc7 Bc6 25. Bh3 Bd8 26. Rxc6 bxc6 27.
Bxf5 e3 28. fxe3 Bb6 29. Kf2 Re8 0-1

[Event "Aurora Fall op"]
[Site "Aurora CAN"]
[Date "2014.10.04"]
[Round "2.6"]
[White "Yu, Jonathan"]
[Black "Yu, Wenlu"]
[Result "1-0"]
[WhiteElo "2031"]
[BlackElo "1826"]
[PlyCount "57"]
[EventDate "2014.10.04"]
[EventType "swiss"]
[EventRounds "5"]
[EventCountry "CAN"]

1. e4 e5 2. Nf3 Nc6 3. Bc4 Bc5 4. c3 Nf6 5. d3 d6 6. Nbd2 O-O 7. Bb3 a6 8. h3
h6 9. Nf1 d5 10. Qe2 dxe4 11. dxe4 Qe7 12. Ng3 Be6 13. O-O Rad8 14. Nh4 Bxb3
15. axb3 Qe6 16. b4 Bb6 17. Nhf5 Rd7 18. Be3 Bxe3 19. Qxe3 Rfd8 20. Nxg7 Kxg7
21. Nf5+ Kg8 22. Qg3+ Ng4 23. Qxg4+ Qg6 24. Nxh6+ Kh7 25. Qxg6+ Kxg6 26. Nf5
Rd2 27. Rab1 R8d3 28. Rfe1 Kg5 29. Ne3 1-0

[Event "Aurora Fall op"]
[Site "Aurora CAN"]
[Date "2014.10.04"]
[Round "2.7"]
[White "Hua, Eugene"]
[Black "Issani, Nameer"]
[Result "1-0"]
[WhiteElo "1796"]
[BlackElo "1687"]
[PlyCount "69"]
[EventDate "2014.10.04"]
[EventType "swiss"]
[EventRounds "5"]
[EventCountry "CAN"]

1. Nf3 Nf6 2. c4 e6 3. g3 d5 4. b3 Be7 5. Bg2 Nc6 6. Bb2 O-O 7. O-O Bd7 8. e3
Re8 9. d4 Bf8 10. Nc3 Ne4 11. Nxe4 dxe4 12. Nd2 f5 13. a3 a5 14. Rc1 Ne7 15.
Nb1 g6 16. Nc3 Bg7 17. Qe2 c6 18. Rfd1 Rb8 19. Na4 b6 20. b4 Ra8 21. Nc3 Rc8
22. bxa5 bxa5 23. Na4 Rb8 24. Nc5 Kh8 25. Bc3 Bc8 26. Rb1 Rxb1 27. Rxb1 Qc7 28.
Qd2 Qd6 29. Bxa5 e5 30. Rd1 Be6 31. Bb4 Bxc4 32. Nb7 Qc7 33. Nd6 Rd8 34. Nxc4
Qb7 35. Nd6 1-0

[Event "Aurora Fall op"]
[Site "Aurora CAN"]
[Date "2014.10.04"]
[Round "2.9"]
[White "Wiebe, Daniel"]
[Black "Cai, Jason"]
[Result "1/2-1/2"]
[WhiteElo "1868"]
[BlackElo "1877"]
[PlyCount "110"]
[EventDate "2014.10.04"]
[EventType "swiss"]
[EventRounds "5"]
[EventCountry "CAN"]

1. e4 c5 2. c3 Nf6 3. e5 Nd5 4. d4 cxd4 5. Nf3 Nc6 6. Bc4 Nb6 7. Bb3 d5 8. exd6
Qxd6 9. cxd4 e6 10. O-O Be7 11. Nc3 O-O 12. Be3 Nd5 13. Bc2 b6 14. a3 Ba6 15.
Re1 Rac8 16. Ne4 Qd8 17. h4 Nf6 18. Ng3 Qd5 19. b4 Rfd8 20. Rc1 Bb7 21. Qd3 e5
22. Bb3 Qd7 23. Ng5 Rf8 24. Nh5 g6 25. Nxf6+ Bxf6 26. d5 Ne7 27. Rcd1 Rcd8 28.
Ne4 Bg7 29. Bh6 Nf5 30. Bxg7 Kxg7 31. Qf3 Qe7 32. Ng3 Nd6 33. h5 Qg5 34. Qc3
Rfe8 35. hxg6 hxg6 36. Rd3 Nb5 37. Qb2 Nd4 38. Ne4 Qf5 39. Rg3 Nxb3 40. Rxb3
Bxd5 41. Rf3 Qe6 42. Ng5 Qe7 43. Rg3 Rc8 44. f4 f6 45. Nh3 Qc7 46. Qd2 Rcd8 47.
f5 Bf7 48. Qe2 e4 49. Qg4 Rd3 50. fxg6 Qxg3 51. gxf7+ Qxg4 52. fxe8=Q Rxh3 53.
Qe7+ Kg6 54. Qe8+ Kg7 55. Qe7+ Kg6 1/2-1/2

[Event "Aurora Fall op"]
[Site "Aurora CAN"]
[Date "2014.10.04"]
[Round "3.2"]
[White "Song, Michael"]
[Black "Dougherty, Michael"]
[Result "1-0"]
[WhiteElo "2271"]
[BlackElo "2132"]
[PlyCount "71"]
[EventDate "2014.10.04"]
[EventType "swiss"]
[EventRounds "5"]
[EventCountry "CAN"]

1. b3 e5 2. Bb2 d6 3. e3 g6 4. d4 Nd7 5. Nf3 Bg7 6. Be2 Ne7 7. O-O O-O 8. c4 e4
9. Ng5 Nf6 10. Nc3 Bf5 11. f3 d5 12. fxe4 dxe4 13. g4 h6 14. gxf5 hxg5 15. fxg6
Nxg6 16. Rf5 g4 17. Bxg4 Bh6 18. Kh1 Bxe3 19. Nd5 Nxd5 20. Rxd5 Qh4 21. Qe2
Rad8 22. Rxd8 Rxd8 23. Qxe3 Qxg4 24. Rf1 Rd7 25. d5 f5 26. Rg1 Qh5 27. Rg5 Qd1+
28. Kg2 Rh7 29. Rxg6+ Kf7 30. Rf6+ Ke8 31. Re6+ Kd7 32. Be5 Rh4 33. Rf6 Rg4+
34. Bg3 Qc2+ 35. Qf2 Rxg3+ 36. hxg3 1-0

[Event "Aurora Fall op"]
[Site "Aurora CAN"]
[Date "2014.10.04"]
[Round "3.5"]
[White "Palanisamy, Selvakumar"]
[Black "Cormier, Adam"]
[Result "1-0"]
[WhiteElo "2019"]
[BlackElo "2019"]
[PlyCount "69"]
[EventDate "2014.10.04"]
[EventType "swiss"]
[EventRounds "5"]
[EventCountry "CAN"]

1. b3 e5 2. Bb2 Nc6 3. e3 d5 4. Bb5 Bd6 5. f4 Qe7 6. Nf3 Bg4 7. h3 Bxf3 8. Qxf3
Nf6 9. Nc3 a6 10. Bxc6+ bxc6 11. fxe5 Bxe5 12. O-O-O O-O 13. Rde1 a5 14. d4 Bd6
15. e4 dxe4 16. Nxe4 Nxe4 17. Rxe4 Qg5+ 18. Kb1 a4 19. Rg4 Qe7 20. d5 f6 21.
dxc6 axb3 22. cxb3 Ba3 23. Qd5+ Rf7 24. Re4 Qf8 25. Bxa3 Qxa3 26. Re2 g6 27.
Rhe1 Kg7 28. Qd4 Ra6 29. Qc3 h5 30. g4 hxg4 31. hxg4 Qd6 32. Qh3 f5 33. g5 Ra8
34. Rh1 Qd4 35. Qh7+ 1-0

[Event "Aurora Fall op"]
[Site "Aurora CAN"]
[Date "2014.10.04"]
[Round "3.6"]
[White "Zotkin, Daniel"]
[Black "Noritsyn, Sergey"]
[Result "1-0"]
[WhiteElo "1767"]
[BlackElo "1837"]
[PlyCount "77"]
[EventDate "2014.10.04"]
[EventType "swiss"]
[EventRounds "5"]
[EventCountry "CAN"]

1. e4 d5 2. exd5 Nf6 3. Nf3 Nxd5 4. d4 g6 5. Bc4 Bg7 6. c3 O-O 7. O-O Bf5 8.
Re1 e6 9. h3 h5 10. Qb3 Nb6 11. Bg5 Bf6 12. Bxf6 Qxf6 13. Nbd2 Nc6 14. Bf1 Qe7
15. Ne5 Bxh3 16. Nxc6 bxc6 17. gxh3 Qg5+ 18. Bg2 Qxd2 19. Re3 Rab8 20. Rd1 Nc4
21. Rxd2 Rxb3 22. axb3 Nxd2 23. b4 a5 24. bxa5 Nc4 25. Bxc6 Nxa5 26. Bf3 Kg7
27. Re5 Nb3 28. Rb5 Nd2 29. Bc6 Kf6 30. Rb7 Ke7 31. b4 Kd6 32. b5 Ra8 33. Kg2
Ra3 34. Rb8 Ra7 35. Rd8+ Ke7 36. Rd7+ Kf6 37. b6 Ra6 38. b7 Rb6 39. Rd8 1-0

[Event "Aurora Fall op"]
[Site "Aurora CAN"]
[Date "2014.10.04"]
[Round "3.8"]
[White "Issani, Nameer"]
[Black "Wiebe, Daniel"]
[Result "0-1"]
[WhiteElo "1687"]
[BlackElo "1868"]
[PlyCount "142"]
[EventDate "2014.10.04"]
[EventType "swiss"]
[EventRounds "5"]
[EventCountry "CAN"]

1. d4 Nf6 2. c4 g6 3. Nc3 d5 4. cxd5 Nxd5 5. e4 Nxc3 6. bxc3 Bg7 7. Nf3 c5 8.
Bc4 Nc6 9. Be3 O-O 10. O-O Bg4 11. e5 Rc8 12. Be2 cxd4 13. cxd4 Nb4 14. Qb3 Nc2
15. Rad1 Nxe3 16. fxe3 Bh6 17. e4 Qb6 18. h3 Be6 19. Qxb6 axb6 20. d5 Bd7 21.
Bd3 Ba4 22. Rb1 Rc3 23. Rb4 Bd7 24. Bb1 Rfc8 25. Kh2 Bf4+ 26. g3 Be3 27. Rb2
Ra8 28. Ne1 Bd4 29. Rb4 Bxe5 30. Nf3 Bc7 31. e5 Ra4 32. Rf4 f6 33. d6 Rxf4 34.
gxf4 exd6 35. exf6 Bd8 36. Be4 Bc6 37. Bxc6 bxc6 38. f7+ Kxf7 39. Ng5+ Bxg5 40.
fxg5+ Ke7 41. Re1+ Kd7 42. Rf1 Ke7 43. Re1+ Kf7 44. Rf1+ Kg7 45. Re1 Rc2+ 46.
Kg3 Rxa2 47. Re7+ Kg8 48. Rc7 Rc2 49. Rc8+ Kf7 50. Rc7+ Ke6 51. Rxh7 b5 52. Rg7
Kf5 53. h4 Rc3+ 54. Kg2 Rd3 55. Rf7+ Kg4 56. Rf6 Kh5 57. Kf2 c5 58. Ke2 c4 59.
Rf7 Kxh4 60. Rb7 Rd5 61. Ke3 Kxg5 62. Ke4 Re5+ 63. Kd4 Rf5 64. Rb6 Kf4 65. Rxd6
g5 66. Rg6 g4 67. Re6 g3 68. Re4+ Kg5 69. Re3 Kg4 70. Ke4 Rf4+ 71. Ke5 g2 0-1

[Event "Aurora Fall op"]
[Site "Aurora CAN"]
[Date "2014.10.04"]
[Round "4.3"]
[White "Sambuev, Bator"]
[Black "Palanisamy, Selvakumar"]
[Result "1-0"]
[WhiteElo "2562"]
[BlackElo "2019"]
[Annotator "egis"]
[PlyCount "85"]
[EventDate "2014.10.04"]
[EventType "swiss"]
[EventRounds "5"]
[EventCountry "CAN"]

1. d4 d5 2. c4 c6 3. Nf3 Nf6 4. e3 e6 5. Nbd2 Nbd7 6. Bd3 Bd6 7. O-O O-O 8. e4
dxe4 9. Nxe4 Nxe4 10. Bxe4 Nf6 11. Bc2 c5 12. Bg5 Be7 13. Qd3 g6 14. dxc5 Qc7
15. b4 Rd8 16. Qc3 Ne8 17. Rad1 f6 18. Be3 e5 19. Rxd8 Qxd8 20. Rd1 Qc7 21. Be4
Be6 22. Bd5 Ng7 23. h3 Bf7 24. Bxf7+ Kxf7 25. Rd5 a5 26. a3 axb4 27. axb4 Nf5
28. g4 Nxe3 29. Qxe3 b6 30. g5 bxc5 31. gxf6 Bxf6 32. Qxc5 Ra1+ 33. Kg2 Qxc5
34. Rxc5 e4 35. Ng5+ Bxg5 36. Rxg5 Ke6 37. b5 Rb1 38. Kg3 Rb4 39. Rc5 Kd6 40.
Rc6+ Ke5 41. b6 Rb3+ 42. Kg4 Rb2 43. Rc5+ 1-0

[Event "Aurora Fall op"]
[Site "Aurora CAN"]
[Date "2014.10.04"]
[Round "4.5"]
[White "Dougherty, Michael"]
[Black "Zotkin, Daniel"]
[Result "1-0"]
[WhiteElo "2132"]
[BlackElo "1767"]
[Annotator "egis"]
[PlyCount "41"]
[EventDate "2014.10.04"]
[EventType "swiss"]
[EventRounds "5"]
[EventCountry "CAN"]

1. e4 c5 2. f4 Nc6 3. Nc3 d6 4. Nf3 g6 5. Bc4 Bg7 6. O-O e6 7. d3 Nge7 8. Qe1
O-O 9. f5 exf5 10. Bg5 fxe4 11. dxe4 Be6 12. Nd5 Bxd5 13. Bxd5 Qd7 14. Qh4 Nxd5
15. exd5 Nd4 16. Nxd4 Bxd4+ 17. Kh1 Bxb2 18. Rae1 Rfe8 19. Be7 Be5 20. Rxe5
dxe5 21. Rxf7 1-0

[Event "Aurora Fall op"]
[Site "Aurora CAN"]
[Date "2014.10.04"]
[Round "4.6"]
[White "Hua, Eugene"]
[Black "Wiebe, Daniel"]
[Result "1/2-1/2"]
[WhiteElo "1796"]
[BlackElo "1868"]
[Annotator "egis"]
[PlyCount "48"]
[EventDate "2014.10.04"]
[EventType "swiss"]
[EventRounds "5"]
[EventCountry "CAN"]

1. e4 c5 2. Ne2 d6 3. g3 g6 4. Bg2 Bg7 5. c3 e6 6. O-O Ne7 7. d4 O-O 8. Be3 Qc7
9. Na3 a6 10. Qd2 Rd8 11. Rad1 Nbc6 12. Qc2 b6 13. f4 Bb7 14. Bf2 Rac8 15. Rc1
Qb8 16. dxc5 dxc5 17. Nc4 Ba8 18. Ne3 b5 19. Rfd1 Na5 20. Rxd8+ Rxd8 21. Rd1
Rd6 22. Rxd6 Qxd6 23. Qd1 Qc7 24. Qd2 Nc8 1/2-1/2

[Event "Aurora Fall op"]
[Site "Aurora CAN"]
[Date "2014.10.04"]
[Round "4.7"]
[White "Cormier, Adam"]
[Black "Yu, Wenlu"]
[Result "0-1"]
[WhiteElo "2019"]
[BlackElo "1826"]
[Annotator "egis"]
[PlyCount "68"]
[EventDate "2014.10.04"]
[EventType "swiss"]
[EventRounds "5"]
[EventCountry "CAN"]

1. d4 Nf6 2. c4 e6 3. g3 d5 4. Nf3 c6 5. Nbd2 Bd6 6. Bg2 O-O 7. O-O Nbd7 8. Qc2
b6 9. e4 Be7 10. Rd1 Bb7 11. e5 Ne8 12. cxd5 cxd5 13. Nf1 f6 14. exf6 Bxf6 15.
Bf4 Qe7 16. Re1 g5 17. Be5 Nxe5 18. Nxe5 Nd6 19. Nd2 Nf5 20. Qd3 a5 21. Ndf3
Ba6 22. Qd2 Nd6 23. Nc6 Qg7 24. Rxe6 Ne4 25. Qe3 Bc8 26. Rxe4 dxe4 27. Qxe4 Bb7
28. Nfe5 Rae8 29. f4 gxf4 30. gxf4 Kh8 31. Kh1 Bxe5 32. fxe5 Rf2 33. Rg1 Rg8
34. Qd5 Qxg2+ 0-1

[Event "Aurora Fall op"]
[Site "Aurora CAN"]
[Date "2014.10.04"]
[Round "4.8"]
[White "Noritsyn, Sergey"]
[Black "Chernik, Dmitry"]
[Result "0-1"]
[WhiteElo "1837"]
[BlackElo "1945"]
[Annotator "egis"]
[PlyCount "90"]
[EventDate "2014.10.04"]
[EventType "swiss"]
[EventRounds "5"]
[EventCountry "CAN"]

1. e4 d6 2. d4 Nf6 3. Nc3 e5 4. dxe5 dxe5 5. Bd3 Be7 6. Nf3 Bg4 7. h3 Bxf3 8.
Qxf3 c6 9. O-O O-O 10. Qe2 Nbd7 11. f4 Re8 12. g4 Nc5 13. fxe5 Nxd3 14. cxd3
Bc5+ 15. Kg2 Nd7 16. Be3 Bxe3 17. Qxe3 Nxe5 18. d4 Ng6 19. Rad1 Qc7 20. Qf2
Rad8 21. h4 Qd7 22. Qg3 b5 23. h5 Nf8 24. a3 a5 25. d5 b4 26. axb4 axb4 27.
dxc6 Qxc6 28. Rxd8 Rxd8 29. Qf4 f6 30. Nd5 Qe6 31. Rf2 h6 32. Rd2 Rc8 33. Kg3
Rc4 34. Kf3 Nd7 35. b3 Ne5+ 36. Kg2 Rc1 37. Ne3 Rc3 38. Nf5 Rf3 39. Rd8+ Kh7
40. Qd2 Qxb3 41. Nd4 Rg3+ 42. Kf2 Nxg4+ 43. Kf1 Qb1+ 44. Ke2 Rg2+ 45. Kf3 Qf1+
0-1

[Event "Aurora Fall op"]
[Site "Aurora CAN"]
[Date "2014.10.04"]
[Round "5.2"]
[White "Song, Michael"]
[Black "Sambuev, Bator"]
[Result "0-1"]
[WhiteElo "2271"]
[BlackElo "2562"]
[PlyCount "124"]
[EventDate "2014.10.04"]
[EventType "swiss"]
[EventRounds "5"]
[EventCountry "CAN"]

1. d4 Nf6 2. Nf3 c5 3. d5 e6 4. c4 b5 5. Bg5 exd5 6. cxd5 Qa5+ 7. Bd2 Qb6 8. e4
d6 9. a4 b4 10. Bg5 Be7 11. Nbd2 O-O 12. Nc4 Qd8 13. e5 Ne8 14. Bf4 Bb7 15. Qc2
dxe5 16. Nfxe5 Bg5 17. Bxg5 Qxg5 18. Bd3 Nf6 19. O-O b3 20. Qc1 Qxc1 21. Rfxc1
Bxd5 22. Ne3 Be6 23. Rxc5 Nbd7 24. Nxd7 Nxd7 25. Rc7 Rfc8 26. Rac1 Rxc7 27.
Rxc7 Nb6 28. a5 Na4 29. Be4 Rc8 30. Rxc8+ Bxc8 31. Nd1 Be6 32. Bc6 Nc5 33. f3
Kf8 34. Kf2 Ke7 35. Ke3 Kd6 36. Bb5 Nb7 37. a6 Na5 38. Kd4 Nc6+ 39. Kc3 Kc5 40.
Bxc6 Kxc6 41. Nf2 Kb5 42. Ne4 h5 43. Nd2 Kxa6 44. Nxb3 Bxb3 45. Kxb3 Kb5 46.
Kc3 Kc5 47. b3 h4 48. Kd3 Kb4 49. Kc2 g5 50. Kb2 f5 51. Kc2 g4 52. fxg4 fxg4
53. g3 hxg3 54. hxg3 Ka3 55. Kc3 Ka2 56. b4 Kb1 57. b5 Kc1 58. Kb4 Kd2 59. Ka4
Kd3 60. Kb4 Kd4 61. Kb3 Kc5 62. Ka4 Kc4 0-1

[Event "Aurora Fall op"]
[Site "Aurora CAN"]
[Date "2014.10.04"]
[Round "5.3"]
[White "Cai, Jason"]
[Black "Yu, Jonathan"]
[Result "1-0"]
[WhiteElo "1877"]
[BlackElo "2031"]
[PlyCount "75"]
[EventDate "2014.10.04"]
[EventType "swiss"]
[EventRounds "5"]
[EventCountry "CAN"]

1. e4 e6 2. d4 d5 3. Nd2 Nf6 4. e5 Nfd7 5. Bd3 c5 6. c3 Nc6 7. Ne2 cxd4 8. cxd4
f6 9. exf6 Qxf6 10. Nf3 h6 11. O-O Bd6 12. Bd2 O-O 13. Rc1 e5 14. dxe5 Ndxe5
15. Nxe5 Nxe5 16. Bc3 Be6 17. f4 Nxd3 18. Bxf6 Nxc1 19. Bxg7 Bc5+ 20. Kh1 Kxg7
21. Qxc1 Rac8 22. Qc3+ Kg8 23. Qe5 Rfe8 24. f5 Bf7 25. Qg3+ Kh8 26. f6 Bf8 27.
Nd4 Rc4 28. Nf5 Rd8 29. Qh3 Kh7 30. g4 d4 31. Nxh6 Bd5+ 32. Kg1 Bc5 33. Nf5+
Kg8 34. Ne7+ Kf8 35. Qh8+ Kf7 36. Qh5+ Kf8 37. Nxd5 d3+ 38. Kh1 1-0

[Event "Aurora Fall op"]
[Site "Aurora CAN"]
[Date "2014.10.04"]
[Round "5.5"]
[White "Wiebe, Daniel"]
[Black "Zeromskis, Egidijus"]
[Result "0-1"]
[WhiteElo "1868"]
[BlackElo "2125"]
[PlyCount "88"]
[EventDate "2014.10.04"]
[EventType "swiss"]
[EventRounds "5"]
[EventCountry "CAN"]

1. e4 Nf6 2. e5 Nd5 3. d4 d6 4. Nf3 g6 5. Bc4 Nb6 6. Bb3 Bg7 7. O-O O-O 8. h3
Nc6 9. Qe2 Na5 10. Nc3 Nxb3 11. axb3 d5 12. Bf4 Bd7 13. Ra5 c6 14. Rfa1 a6 15.
Ne1 Bf5 16. g4 Bc8 17. Nd3 e6 18. g5 Re8 19. Nd1 Nd7 20. b4 Bf8 21. Be3 b6 22.
R5a2 Bb7 23. f4 h5 24. gxh6 Bxh6 25. Qg4 Kh7 26. Bf2 f5 27. Qf3 Rg8 28. h4 Rc8
29. Kf1 Bf8 30. Ne3 c5 31. bxc5 bxc5 32. c3 Rg7 33. Ke2 Be7 34. Rh1 cxd4 35.
cxd4 Qb6 36. Raa1 Qxd4 37. Rac1 Qe4 38. Qxe4 fxe4 39. Rxc8 exd3+ 40. Kxd3 Bxc8
41. Rc1 Nc5+ 42. Ke2 a5 43. Nxd5 Ba6+ 44. Ke3 exd5 0-1

[Event "Aurora Fall op"]
[Site "Aurora CAN"]
[Date "2014.10.04"]
[Round "5.6"]
[White "Chernik, Dmitry"]
[Black "Hua, Eugene"]
[Result "0-1"]
[WhiteElo "1945"]
[BlackElo "1796"]
[PlyCount "78"]
[EventDate "2014.10.04"]
[EventType "swiss"]
[EventRounds "5"]
[EventCountry "CAN"]

1. e4 d5 2. exd5 Qxd5 3. Nc3 Qd6 4. d4 Nf6 5. Nf3 a6 6. h3 b5 7. Bd3 Bb7 8. Be3
e6 9. Qd2 Be7 10. O-O-O h6 11. Bf4 Qb6 12. Be5 Nbd7 13. Rhe1 Nxe5 14. dxe5 Nd5
15. Nxd5 Bxd5 16. Be4 Rd8 17. Bxd5 Rxd5 18. Qe2 c6 19. Rxd5 cxd5 20. Nd2 O-O
21. Kb1 a5 22. f4 Rc8 23. g4 Qc5 24. Qd3 a4 25. Rf1 a3 26. f5 Qb4 27. Nb3 Qc4
28. Rf3 axb2 29. Kxb2 Qc7 30. fxe6 Qxe5+ 31. Nd4 Bf6 32. exf7+ Kxf7 33. Rf5 Qd6
34. Qb3 Rc4 35. c3 b4 36. Nb5 bxc3+ 37. Qxc3 Qh2+ 38. Kb3 Rxc3+ 39. Nxc3 Qxh3
0-1